00355 2200145 4500001002100000005001500021035002000036245005400056100002000110300001100130260003400141082000800175084001400183990001200197INLIS00000000000179820250506094323 a0010-05250000901 aAsal Mula Candi Roro Jonggrang /cTira Ikranegara0 aTira Ikranegara a64 hlm aSurabaya :bSerba Jaya,c2008 a813 a813 TIR a a0754575